Bar Strasbourgeois - Statistiques

Statistiques générales
  • Ce quiz a été pris 152 fois
  • Le résultat moyen est 11 sur 187
Statistiques - réponses
Bars de A à Z % Correct
Le Meteor
49%
Delirium
38%
Public house
37%
la nouvelle poste
35%
le terminal
34%
The Dubliners
34%
Caupona
30%
café Bale
28%
Le Tigre
28%
Exils
26%
Blue moon
24%
barberousse
22%
cafe des anges
22%
La Salamandre
22%
le 21
22%
Le grincheux
22%
Académie de la Bière Cathedrale
20%
le QG
19%
Académie de la Bière Krutenau
18%
Cafe Berlin
18%
le Bartholdi
18%
le gayot
18%
Le rafiot
18%
What the fox
18%
le chat perché
17%
le chariot
15%
Jimmy’s
14%
l’alchimiste
14%
La taverne française
14%
Les berthom
14%
Trolley bus
14%
Académie de la Bière Petite France
13%
Korrigan
12%
Les aviateurs
12%
Supertonic
12%
Au Brasseur
11%
le saxo
11%
Troquet des Kneckes
11%
Barco latino
10%
La lanterne
10%
les savons d’helene
10%
L’ideal
10%
Molly malones
10%
Jeannette et les Cycleux
9%
le local
9%
Les Tricheurs
9%
Café Atlantico
8%
Chez mon ex
8%
Code bar
8%
le comptoir d’Eugène
8%
Le Cul-Terreux
7%
algorythme
6%
Café du 7ème art
6%
La Solidarité
6%
le garde fou
6%
Le Purgatoire
6%
Philibar
6%
Baraka Jeux
5%
café Broglie
5%
Kitsch’n’bar
5%
le douanier
5%
L’Etabli
5%
OBrien
5%
cocolobo
4%
Elastic bar
4%
Le café des sports
4%
le living room
4%
le raven café
4%
Marché bar
4%
Abattoir café
3%
Aeden place
3%
café bretelles
3%
Fat
3%
Kelly’s sibin
3%
La Cahute
3%
la kulture
3%
La Mandragore
3%
le bunny’s Bar
3%
Le Hoop
3%
Le Phonographe
3%
Le Schluch
3%
Schluck N’Spiel
3%
Wawa bar
3%
Adamson’s Pub
2%
Anticafé
2%
au bercail
2%
Au Canon
2%
au télégraphe
2%
Bar à Popol
2%
Brasserie des vosges
2%
brasserie wow
2%
Cafe de l’opera
2%
Café grognon
2%
Café TNS
2%
Golden Gate
2%
La Cabane
2%
La corde a linge
2%
La Grenze
2%
La Peau d’Vache
2%
La perestroïka
2%
Le BarÔmetre
2%
le black and wine
2%
le botaniste
2%
le Gustavia
2%
LeVog
2%
L’excalibur
2%
le XX
2%
Mac Carthy
2%
Meltdown
2%
Ola Tapas
2%
Quino
2%
Snack michel
2%
Vino strada
2%
Ze trou
2%
au 5
1%
Au coin des kneckes
1%
Aux 12 Apôtres
1%
BOMA
1%
Café lové
1%
Coffee stub
1%
Europ’café
1%
Indiana café
1%
Intemporel bar
1%
K’fet AESES
1%
K’fet de Chimie
1%
l’Anex
1%
L’artichaut grand rue
1%
Le barbu’to
1%
Le cintra
1%
le Ptit brass
1%
les artistes
1%
les glacières
1%
l’Icônic Bar
1%
Malleus Maléficarum
1%
Mandala
1%
Mi Casa Es Tu Casa
1%
Mon Pote Jack
1%
Moonshiners
1%
Square delicatessen
1%
Starbucks Kleber
1%
Tapas café
1%
Un Cantalou à Strasbourg
1%
What the cake
1%
Art café
0%
Au fantassin
0%
au fond du jardin
0%
Au Petit Bois Vert
0%
au quai de l’ill
0%
Aux magots
0%
Bistro Paulo
0%
Bistrot le galopin
0%
Bohemia
0%
Brasserie Z
0%
Cafe milano
0%
Cafe montmarte
0%
Cafe odyssée
0%
cafe rohan
0%
chez rico troquet
0%
Dooz escape game
0%
Fabcafe
0%
Kiefergrass
0%
La Brocéliande
0%
la cave du marché
0%
l’actifs
0%
La Forêt Noire
0%
La Grosse Bertha
0%
l’Appart
0%
le bistro des copains
0%
Le croque bedaine cathédrale
0%
le croque bedaine Neudorf
0%
L’épicerie
0%
le rive gauche
0%
Manolya coffee
0%
Nelson
0%
o centre
0%
Oh my grossness
0%
Orient express
0%
Pacôme De La Théière
0%
Pub O’Brady’s
0%
Soccer park
0%
Soul Town
0%
Suspenders
0%
Taverne des Serruriers
0%
The Garden’s Lounge
0%
Troc’afe
0%
VS brasserie et plus
0%
Wall Street Bull
0%
Aucun quiz correspondant
Distribution des résultats
% des personnes avec chaque résultat
Percentile par nombre de réponses
Votre historique - résultats
Vous n’avez pas pris ce quiz